header

Essentials of Highway Engineering (Record no. 251172)

MARC details
000 -LEADER
fixed length control field 00248nam a22000977a 4500
020 ## - INTERNATIONAL STANDARD BOOK NUMBER
ISBN 0333448561
100 ## - MAIN ENTRY--AUTHOR NAME
Personal name Francis J Gichaga, Neville A. Paker
245 ## - TITLE STATEMENT
Title Essentials of Highway Engineering
260 ## - PUBLICATION, DISTRIBUTION, ETC. (IMPRINT)
Name of publisher Macmillan Publishers
Year of publication 1988
942 ## - ADDED ENTRY ELEMENTS (KOHA)
Koha item type Long Loan Books

No items available.

© 2026 Rongo University
Contact us: librarian | system librarian | Rongo university